<?xml version="1.0" encoding="UTF-8"?>
<collection xmlns="http://www.loc.gov/MARC21/slim">
 <record>
  <leader>01004pam a22002658a 4500</leader>
  <controlfield tag="001">00020705</controlfield>
  <controlfield tag="005">20171026081023.0</controlfield>
  <controlfield tag="008">110519s1978                  ||||||Viesd</controlfield>
  <datafield tag="041" ind1="0" ind2="#">
   <subfield code="a">Vie</subfield>
  </datafield>
  <datafield tag="082" ind1="1" ind2="4">
   <subfield code="a">536.071</subfield>
   <subfield code="b">GI108TR</subfield>
  </datafield>
  <datafield tag="100" ind1="0" ind2="#">
   <subfield code="a">Vũ Thanh Khiết</subfield>
  </datafield>
  <datafield tag="245" ind1="0" ind2="0">
   <subfield code="a">Giáo trình nhiệt động học và vật lý thống kê</subfield>
   <subfield code="c">Vũ Thanh Khiết</subfield>
   <subfield code="n">T.2</subfield>
  </datafield>
  <datafield tag="250" ind1="#" ind2="#">
   <subfield code="a">In lần thứ 2</subfield>
  </datafield>
  <datafield tag="260" ind1="#" ind2="#">
   <subfield code="a">H.</subfield>
   <subfield code="b">Giáo dục</subfield>
   <subfield code="c">1978</subfield>
  </datafield>
  <datafield tag="300" ind1="#" ind2="#">
   <subfield code="a">196 tr.</subfield>
   <subfield code="c">21 cm.</subfield>
  </datafield>
  <datafield tag="490" ind1="0" ind2="#">
   <subfield code="a">Sách đại học sư phạm</subfield>
  </datafield>
  <datafield tag="650" ind1="#" ind2="4">
   <subfield code="a">Giáo trình</subfield>
  </datafield>
  <datafield tag="650" ind1="#" ind2="4">
   <subfield code="a">Nhiệt động lực học</subfield>
  </datafield>
  <datafield tag="653" ind1="#" ind2="#">
   <subfield code="a">Vật lý thống kê</subfield>
  </datafield>
  <datafield tag="852" ind1="#" ind2="#">
   <subfield code="b">Kho giáo trình</subfield>
   <subfield code="j">KGT.0004776, KGT.0004777, KGT.0004778, KGT.0004779</subfield>
  </datafield>
  <datafield tag="852" ind1="#" ind2="#">
   <subfield code="b">Kho mượn</subfield>
   <subfield code="j">KGT.0004776</subfield>
  </datafield>
  <datafield tag="852" ind1="#" ind2="#">
   <subfield code="b">Kho đọc</subfield>
   <subfield code="j">KD.0005990</subfield>
  </datafield>
  <datafield tag="852" ind1="#" ind2="#">
   <subfield code="j">KD.0005990</subfield>
   <subfield code="j">KGT.0004776</subfield>
   <subfield code="j">KGT.0004777</subfield>
   <subfield code="j">KGT.0004779</subfield>
   <subfield code="j">KGT.0004778</subfield>
  </datafield>
  <datafield tag="910" ind1="0" ind2="#">
   <subfield code="a">nhnam</subfield>
   <subfield code="d">19/05/2011</subfield>
  </datafield>
  <datafield tag="980" ind1="#" ind2="#">
   <subfield code="a">Trung tâm Học liệu Lê Vũ Hùng, Trường Đại học Đồng Tháp</subfield>
  </datafield>
 </record>
</collection>
